[Event "Frankfurt Ch 2014"]
[Site "Ffm-Höchst, BiKuZ"]
[Date "2014.05.12"]
[Round "3.1"]
[White "Khenkin, Igor"]
[Black "Chandler, Patrick"]
[Result "1-0"]
[WhiteElo "2550"]
[BlackElo "2135"]
[PlyCount "49"]
[EventDate "2014.??.??"]
[WhiteTeam "Wiesbadener SV 1885"]
[BlackTeam "Sfr. Schöneck"]

1. d4 Nf6 2. c4 g6 3. Nc3 Bg7 4. e4 d6 5. f3 c6 6. Be3 O-O 7. Qd2 a6 8. a4 a5
9. Bd3 e5 10. Nge2 Na6 11. O-O Ne8 12. Kh1 exd4 13. Nxd4 Qc7 14. Rad1 b6 15. f4
f5 16. exf5 gxf5 17. Be2 Nb4 18. Bf3 Rb8 19. Nxc6 Nxc6 20. Qd5+ Kh8 21. Qxc6
Qd8 22. Qd5 Rf6 23. Bd4 Rh6 24. Qf7 Nf6 25. Rfe1 1-0

[Event "Frankfurt Ch 2014"]
[Site "Ffm-Höchst, BiKuZ"]
[Date "2014.05.12"]
[Round "3.2"]
[White "Zimmermann, Hendrik"]
[Black "Poetsch, Hagen"]
[Result "0-1"]
[WhiteElo "2173"]
[BlackElo "2463"]
[PlyCount "60"]
[EventDate "2014.??.??"]
[WhiteTeam "SC 1961 König Nied"]
[BlackTeam "SF Schöneck"]

1. Nf3 Nf6 2. c4 e6 3. g3 d5 4. Bg2 Be7 5. O-O O-O 6. b3 d4 7. e3 c5 8. exd4
cxd4 9. Bb2 Nc6 10. Re1 Re8 11. a3 a5 12. Ne5 Nxe5 13. Rxe5 Nd7 14. Rb5 Nc5 15.
b4 Nd3 16. Qb3 Nxb2 17. Qxb2 d3 18. Nc3 Qd4 19. c5 Ra7 20. Re1 Bf6 21. Qb3 axb4
22. axb4 Bg5 23. Qb2 f5 24. Rb6 Ra6 25. Rb5 Re7 26. h4 Bf6 27. Qb3 f4 28. Re4
Ra1+ 29. Bf1 Qxc3 30. dxc3 d2 0-1

[Event "Frankfurt Ch 2014"]
[Site "Ffm-Höchst, BiKuZ"]
[Date "2014.05.12"]
[Round "3.3"]
[White "Mager, Denis"]
[Black "Geske, Julian"]
[Result "0-1"]
[WhiteElo "2133"]
[BlackElo "2347"]
[PlyCount "40"]
[EventDate "2014.??.??"]
[WhiteTeam "SAbt TuS Makkabi Ffm"]
[BlackTeam "Wiesbadener SV 1885"]

1. c4 c6 2. d4 d5 3. cxd5 cxd5 4. Nc3 e5 5. dxe5 d4 6. Ne4 Qa5+ 7. Nd2 Nc6 8.
Ngf3 Bg4 9. Qb3 Rc8 10. g3 Nb4 11. Nxd4 Qc5 12. f3 Qxd4 13. e3 Nc2+ 14. Kf2
Nxa1 15. Qxb7 Qb6 16. Bb5+ Kd8 17. Qd5+ Kc7 18. fxg4 Qb7 19. Qxf7+ Ne7 20. Bd3
Qxh1 0-1

[Event "Frankfurt Ch 2014"]
[Site "Ffm-Höchst, BiKuZ"]
[Date "2014.05.12"]
[Round "3.4"]
[White "Kaulfuss, Helmut"]
[Black "Heinatz, Thomas"]
[Result "0-1"]
[WhiteElo "2086"]
[BlackElo "2309"]
[PlyCount "106"]
[EventDate "2014.??.??"]
[WhiteTeam "SV 1920 Hofheim"]
[BlackTeam "SF Schöneck"]

1. e4 c5 2. Nf3 e6 3. Nc3 a6 4. a4 d6 5. d3 Nc6 6. g3 g6 7. Bg2 Bg7 8. O-O Nge7
9. Be3 Nd4 10. Re1 O-O 11. Qd2 Rb8 12. Ra2 Nec6 13. Rc1 b5 14. axb5 axb5 15.
Nd1 b4 16. b3 Bb7 17. Nb2 Nb5 18. Na4 Ncd4 19. Nxd4 Nxd4 20. f4 Qc7 21. Qd1 Bc6
22. Rb1 Nb5 23. Qd2 Nd4 24. Nb2 f5 25. Nc4 Nb5 26. Rf1 Ra8 27. Rxa8 Rxa8 28.
exf5 gxf5 29. Bxc6 Qxc6 30. Qg2 Qxg2+ 31. Kxg2 Ra2 32. Rf2 Kf7 33. Nxd6+ Nxd6
34. Bxc5 Nb5 35. Bxb4 Nd4 36. c3 Rxf2+ 37. Kxf2 Nxb3 38. Ke3 Bf8 39. Bxf8 Kxf8
40. h3 h5 41. d4 Ke7 42. c4 Kd6 43. d5 exd5 44. cxd5 Kxd5 45. g4 fxg4 46. hxg4
hxg4 47. f5 Ke5 48. f6 Nc5 49. f7 Ne6 50. Kf2 Kf4 51. Kg2 g3 52. Kg1 Kf3 53.
Kf1 Nf8 0-1

[Event "Frankfurt Ch 2014"]
[Site "Ffm-Höchst, BiKuZ"]
[Date "2014.05.12"]
[Round "3.5"]
[White "Legde, Georg"]
[Black "Rondonuwu, Grover"]
[Result "1/2-1/2"]
[WhiteElo "2292"]
[BlackElo "1911"]
[PlyCount "119"]
[EventDate "2014.??.??"]
[WhiteTeam "SK 1858 Gießen"]
[BlackTeam "Sabt Frankfurter TV 1860"]

1. Nf3 c5 2. b3 Nc6 3. Bb2 Nf6 4. c4 e6 5. g3 Be7 6. Bg2 d6 7. O-O Bd7 8. e3
O-O 9. Nc3 a6 10. d4 cxd4 11. exd4 Qc7 12. Rc1 Rfe8 13. d5 Nd8 14. dxe6 fxe6
15. Re1 Nf7 16. h4 Qa5 17. Nd4 e5 18. Nc2 Rab8 19. Ne3 Bf8 20. Ned5 Nxd5 21.
Bxd5 Be6 22. Bxe6 Rxe6 23. Qd5 Qxd5 24. Nxd5 Rc8 25. Rcd1 Ree8 26. a4 Nh6 27.
Ne3 g6 28. Nd5 Kf7 29. Re4 Nf5 30. Kg2 h5 31. a5 Bh6 32. Kh3 Bf8 33. Rg1 Nh6
34. f4 Ng4 35. Rf1 Kg8 36. fxe5 dxe5 37. Nf6+ Nxf6 38. Rxf6 Rc6 39. Rxc6 bxc6
40. Rxe5 Rxe5 41. Bxe5 Bb4 42. Bc7 Kf7 43. Kg2 Ke6 44. Kf3 Kf5 45. Ke3 Kg4 46.
Kd4 Kf5 47. Kd3 g5 48. hxg5 Kxg5 49. Ke4 Kg4 50. Ke3 Be1 51. Kd4 Bxg3 52. Bxg3
Kxg3 53. b4 h4 54. b5 cxb5 55. cxb5 h3 56. b6 h2 57. b7 h1=Q 58. b8=Q+ Kf2 59.
Qf4+ Qf3 60. Qxf3+ 1/2-1/2

[Event "Frankfurt Ch 2014"]
[Site "Ffm-Höchst, BiKuZ"]
[Date "2014.05.12"]
[Round "3.6"]
[White "Minor, Samuel"]
[Black "Krüger, Till"]
[Result "1-0"]
[WhiteElo "2186"]
[BlackElo "1803"]
[PlyCount "37"]
[EventDate "2014.??.??"]
[WhiteTeam "Wiesbadener SV 1885"]
[BlackTeam "SC Nidderau"]

1. e4 g6 2. d4 Bg7 3. Nc3 d6 4. f4 e6 5. Nf3 Nd7 6. Be3 a6 7. a4 b6 8. Bc4 Bb7
9. f5 Qe7 10. fxe6 fxe6 11. Qd3 Ngf6 12. O-O d5 13. exd5 exd5 14. Nxd5 Nxd5 15.
Bg5 Ne5 16. dxe5 Qc5+ 17. Kh1 Nb4 18. Bf7+ Kf8 19. Nd4 1-0

[Event "Frankfurt Ch 2014"]
[Site "Ffm-Höchst, BiKuZ"]
[Date "2014.05.12"]
[Round "3.7"]
[White "Schwenkreis, Thomas"]
[Black "Stockmann, Michael"]
[Result "0-1"]
[WhiteElo "2064"]
[BlackElo "2181"]
[PlyCount "94"]
[EventDate "2014.??.??"]
[WhiteTeam "SC Brett vorm Kopp Ffm"]
[BlackTeam "SF Schöneck"]

1. e4 c5 2. Nf3 Nc6 3. d3 e6 4. c3 d5 5. Qc2 d4 6. Be2 e5 7. O-O Nge7 8. a3 Ng6
9. cxd4 cxd4 10. b4 Be7 11. Nbd2 Be6 12. Nb3 O-O 13. Bd2 Rc8 14. Qb2 Qb6 15.
Rab1 Nb8 16. Na5 f6 17. Rfc1 Na6 18. g3 Qb5 19. Ne1 Qd7 20. Nc4 f5 21. exf5
Rxf5 22. Bg4 Rf7 23. Bxe6 Qxe6 24. Rc2 Rcf8 25. Bc1 Nc7 26. Re2 Nd5 27. Qxd4
exd4 28. Rxe6 Rxf2 29. Rb2 Rf1+ 30. Kg2 b5 31. Na5 Ne3+ 32. Bxe3 Rxe1 33. Rxe7
Nxe7 34. Bxd4 Rd8 35. Bf2 Ra1 36. Re2 Kf7 37. Bc5 Nd5 38. Nc6 Re8 39. Rf2+ Kg8
40. Nxa7 Rxa3 41. Nxb5 Rxd3 42. Nd6 Rb8 43. b5 Rc3 44. Ba7 Rd8 45. Ne4 Rb3 46.
Rd2 Rxb5 47. Nc3 Nf4+ 0-1

[Event "Frankfurt Ch 2014"]
[Site "Ffm-Höchst, BiKuZ"]
[Date "2014.05.12"]
[Round "3.9"]
[White "Reschke, Stefan"]
[Black "Wagner, Dirk"]
[Result "1-0"]
[WhiteElo "2319"]
[BlackElo "1919"]
[PlyCount "59"]
[EventDate "2014.??.??"]
[WhiteTeam "VSG 1880 Offenbach"]
[BlackTeam "SC Matt im Park Ffm"]

1. Nf3 Nf6 2. g3 g6 3. c4 Bg7 4. Bg2 O-O 5. O-O d6 6. d4 Nc6 7. Nc3 a6 8. b3 d5
9. Ne5 Nxe5 10. dxe5 Ng4 11. cxd5 Nxe5 12. Ba3 c6 13. Rc1 Bf5 14. dxc6 Nxc6 15.
Nd5 Re8 16. Bc5 Rc8 17. e4 Be6 18. Re1 Bxd5 19. exd5 Nd4 20. Bh3 Qxd5 21. Bxc8
Nf3+ 22. Kh1 Nd2+ 23. f3 Rxc8 24. Ba3 Rd8 25. Bxe7 Re8 26. Re3 Bh6 27. Bg5 Qxg5
28. Rxe8+ Kg7 29. Rcc8 Qd5 30. Qa1+ 1-0

[Event "Frankfurt Ch 2014"]
[Site "Ffm-Höchst, BiKuZ"]
[Date "2014.05.12"]
[Round "3.10"]
[White "Fußnecker, Manfred"]
[Black "Reschke, Thomas"]
[Result "0-1"]
[WhiteElo "1870"]
[BlackElo "2090"]
[PlyCount "104"]
[EventDate "2014.??.??"]
[WhiteTeam "SF Frankfurt 1921"]
[BlackTeam "SC Frankfurt-West"]

1. e4 g6 2. d4 Bg7 3. Nc3 c6 4. f4 Qb6 5. Nf3 d5 6. e5 Bg4 7. Be2 Nh6 8. Be3
Qxb2 9. Na4 Qb4+ 10. c3 Qa5 11. O-O Nf5 12. Bf2 e6 13. Nc5 Qc7 14. Rb1 b6 15.
Na6 Nxa6 16. Bxa6 Bf8 17. h3 Bxf3 18. Qxf3 h5 19. a4 h4 20. c4 dxc4 21. Rfc1
Bh6 22. Rxc4 O-O 23. Bb5 Ne7 24. Bxh4 Rac8 25. Rbc1 Nd5 26. Rxc6 Qb7 27. Bg3 a6
28. Rxc8 Rxc8 29. Rxc8+ Qxc8 30. Bd3 Qc3 31. Be4 Qxd4+ 32. Kh2 Nc3 33. Bc2 Qd2
34. Bd3 b5 35. f5 gxf5 36. axb5 axb5 37. Bxf5 exf5 38. Qxf5 Qe3 39. Qg4+ Kf8
40. Qc8+ Kg7 41. Qg4+ Qg5 42. Qf3 b4 43. e6 fxe6 44. Qb7+ Kg6 45. Qxb4 Bg7 46.
Qc4 Qf5 47. Qc7 Ne2 48. h4 Kh7 49. Bd6 Kg6 50. Bg3 Nxg3 51. Qxg3+ Kh7 52. Qe1
Qe5+ 0-1

[Event "Frankfurt Ch 2014"]
[Site "Ffm-Höchst, BiKuZ"]
[Date "2014.05.12"]
[Round "3.11"]
[White "Lebermann, Hellmuth"]
[Black "Calvi, Stefan"]
[Result "1-0"]
[WhiteElo "1865"]
[BlackElo "2054"]
[PlyCount "110"]
[EventDate "2014.??.??"]
[WhiteTeam "SK Bad Homburg 1927"]
[BlackTeam "SF Frankfurt 1921"]

1. Nf3 Nf6 2. g3 g6 3. Bg2 Bg7 4. O-O O-O 5. c4 d6 6. Nc3 Nbd7 7. Rb1 a5 8. b3
e5 9. d3 c6 10. Bb2 Nh5 11. Ne4 Qe7 12. Ba3 Nc5 13. e3 Nxe4 14. dxe4 c5 15. Qd3
f5 16. Nd2 f4 17. exf4 exf4 18. Bb2 Bxb2 19. Rxb2 Be6 20. Rbb1 g5 21. Rfe1 Rad8
22. Rbd1 Qf6 23. e5 dxe5 24. Ne4 Qe7 25. Qc3 Rxd1 26. Rxd1 fxg3 27. hxg3 Bf5
28. Qxa5 Bxe4 29. Bxe4 Nf6 30. Bd5+ Nxd5 31. Rxd5 Rc8 32. Qe1 Re8 33. Qe3 b6
34. Qe4 Qe6 35. Qd3 Qf6 36. Rd6 Qf7 37. Rxb6 e4 38. Qd5 Qxd5 39. cxd5 e3 40.
fxe3 Rxe3 41. Kf2 Rd3 42. a4 Rxd5 43. Ke3 Rd1 44. Rb5 Rb1 45. Kd2 Rg1 46. Rxc5
Rxg3 47. b4 h6 48. a5 g4 49. a6 Rg2+ 50. Kc3 Rg3+ 51. Kc4 Rf3 52. a7 Rf8 53.
Rb5 Rc8+ 54. Kb3 Ra8 55. Rb8+ Kg7 1-0

[Event "Frankfurt Ch 2014"]
[Site "Ffm-Höchst, BiKuZ"]
[Date "2014.05.12"]
[Round "3.12"]
[White "Zimmer, Gerald"]
[Black "Nimsch, Helmut"]
[Result "1/2-1/2"]
[WhiteElo "1832"]
[BlackElo "2016"]
[PlyCount "71"]
[EventDate "2014.??.??"]
[WhiteTeam "SC Bergen-Enkheim 1922"]
[BlackTeam "SC Brett vorm Kopp Ffm"]

1. d4 Nf6 2. c4 e6 3. Nf3 d5 4. Nc3 Be7 5. Bg5 O-O 6. e3 c6 7. Bd3 Nbd7 8. O-O
dxc4 9. Bxc4 b5 10. Bd3 h6 11. Bh4 Re8 12. Rc1 Bb7 13. Bxf6 Bxf6 14. Ne4 Be7
15. Qb3 Qb6 16. Rfd1 a6 17. Bb1 Rac8 18. Qc2 g6 19. h4 c5 20. Ne5 Bxe4 21. Qxe4
Nxe5 22. dxe5 Qc6 23. Qxc6 Rxc6 24. Rd7 c4 25. g3 Rc5 26. f4 Rd5 27. Rd1 Rxd1+
28. Rxd1 a5 29. Rd7 Kf8 30. Kf2 Rc8 31. Ke2 c3 32. bxc3 Rxc3 33. Rd3 Rc1 34.
Rd1 Rxd1 35. Kxd1 Bc5 36. Ke2 1/2-1/2

[Event "Frankfurt Ch 2014"]
[Site "Ffm-Höchst, BiKuZ"]
[Date "2014.05.12"]
[Round "3.13"]
[White "Meyer, Stefan"]
[Black "Zimpfer, Andreas"]
[Result "1/2-1/2"]
[WhiteElo "2013"]
[BlackElo "1831"]
[PlyCount "88"]
[EventDate "2014.??.??"]
[WhiteTeam "SAbt TuS Dotzheim"]
[BlackTeam "SC Butzbach 2000"]

1. e4 c5 2. d3 Nc6 3. g3 Nf6 4. Bg2 d5 5. Nd2 g6 6. Ngf3 Bg7 7. O-O O-O 8. c3
dxe4 9. dxe4 Bd7 10. Qe2 Qc7 11. Ne1 Rad8 12. f4 e5 13. f5 Ne7 14. g4 Bh6 15.
a4 a6 16. h4 Bf4 17. Nd3 Bg3 18. Nc4 Kh8 19. Ndxe5 Bxe5 20. Nxe5 Nc6 21. Nxd7
Nxd7 22. Bf4 Nde5 23. Rad1 Qa5 24. Rxd8 Rxd8 25. Rd1 c4 26. Rd5 Qb6+ 27. Be3
Qc7 28. g5 Kg8 29. Bf4 Qb6+ 30. Be3 Qb3 31. f6 Qxa4 32. Bd4 Nd3 33. Qg4 Rf8 34.
e5 Nd8 35. Bc5 Nxc5 36. Rxc5 Ne6 37. Rxc4 Qa1+ 38. Kh2 Qxb2 39. Qe4 b5 40. Rc6
a5 41. Rxe6 fxe6 42. Qb7 Rf7 43. Qc8+ Rf8 44. Qxe6+ Rf7 1/2-1/2

[Event "Frankfurt Ch 2014"]
[Site "Ffm-Höchst, BiKuZ"]
[Date "2014.05.12"]
[Round "3.14"]
[White "Richter, Tobias"]
[Black "Kretner, Georg-Ulrich"]
[Result "1/2-1/2"]
[WhiteElo "1975"]
[BlackElo "1838"]
[PlyCount "129"]
[EventDate "2014.??.??"]
[WhiteTeam "SV Merseburg"]
[BlackTeam "SC Bad Nauheim"]

1. e4 g6 2. d4 Bg7 3. h4 c5 4. c3 cxd4 5. cxd4 d6 6. h5 Nc6 7. d5 Ne5 8. Nc3
Qb6 9. Bb5+ Bd7 10. Be3 Qa5 11. Be2 Qb4 12. Qb3 a5 13. Qxb4 axb4 14. Nb5 Rc8
15. Rc1 Rxc1+ 16. Bxc1 gxh5 17. Bd2 f5 18. Bxb4 Nf6 19. Nc7+ Kf7 20. Nh3 Bh6
21. f4 Ng6 22. exf5 Nxf4 23. Nxf4 Bxf4 24. Rf1 Be5 25. b3 Rc8 26. Ba5 Bc3+ 27.
Bxc3 Rxc7 28. Bd2 Rc2 29. a4 Rb2 30. Bd1 Nxd5 31. Bxh5+ Kf6 32. Bd1 Ke5 33. g4
h5 34. gxh5 Bxf5 35. h6 Bh7 36. Rf7 Be4 37. h7 Bxh7 38. Rxh7 b6 39. Rxe7+ Kd4
40. Rh7 Kd3 41. Rh3+ Kd4 42. Bh6 Rb1 43. Bg7+ Kc5 44. Kd2 Nb4 45. Bc3 Na2 46.
Rh5+ d5 47. Bg7 b5 48. a5 b4 49. Bf3 Rxb3 50. Rxd5+ Kc4 51. Rf5 Nc3 52. Bxc3
bxc3+ 53. Kc1 Ra3 54. Be2+ Kd4 55. a6 Ra1+ 56. Kc2 Ra2+ 57. Kd1 Ra1+ 58. Kc2
Ra2+ 59. Kb3 Rb2+ 60. Ka3 Rxe2 61. a7 Re1 62. Rf4+ Ke3 63. Rc4 Ra1+ 64. Kb3
Rxa7 65. Rxc3+ 1/2-1/2

[Event "Frankfurt Ch 2014"]
[Site "Ffm-Höchst, BiKuZ"]
[Date "2014.05.12"]
[Round "3.15"]
[White "Bittner, Peter"]
[Black "Biegel, Thomas"]
[Result "1/2-1/2"]
[WhiteElo "1827"]
[BlackElo "1975"]
[PlyCount "36"]
[EventDate "2014.??.??"]
[WhiteTeam "SC 1961 König Nied"]
[BlackTeam "SC Steinbach"]

1. e4 c6 2. d4 d5 3. Nd2 g6 4. e5 Nh6 5. Be2 f6 6. f4 Qb6 7. c3 Bg7 8. Qb3 O-O
9. Ngf3 Bg4 10. Qxb6 axb6 11. h3 Bxf3 12. Nxf3 Na6 13. O-O Nc7 14. g4 fxe5 15.
Nxe5 Bxe5 16. dxe5 Kg7 17. a3 e6 18. Be3 b5 1/2-1/2

[Event "Frankfurt Ch 2014"]
[Site "Ffm-Höchst, BiKuZ"]
[Date "2014.05.12"]
[Round "3.16"]
[White "Straub, Fabian"]
[Black "Roggensack, Hans Peter"]
[Result "1/2-1/2"]
[WhiteElo "1816"]
[BlackElo "1955"]
[PlyCount "88"]
[EventDate "2014.??.??"]
[WhiteTeam "SV Frankfurt Nord 1926"]
[BlackTeam "SF Frankfurt 1921"]

1. e4 e5 2. Nf3 Nf6 3. d4 Nxe4 4. Bd3 d5 5. Nxe5 Nd7 6. O-O Nxe5 7. dxe5 Nc5 8.
Nc3 c6 9. Qf3 Nxd3 10. cxd3 Qh4 11. Bf4 Qg4 12. Qxg4 Bxg4 13. d4 Be7 14. Rfc1
O-O 15. Na4 Rac8 16. a3 Be2 17. b4 b6 18. Nb2 c5 19. Rc2 Ba6 20. dxc5 bxc5 21.
Bd2 f6 22. exf6 Bxf6 23. bxc5 d4 24. Bb4 d3 25. Rd2 Bd4 26. Rad1 Rf7 27. Nxd3
Bxd3 28. Rxd3 Bxf2+ 29. Kh1 Bxc5 30. Rd8+ Rxd8 31. Rxd8+ Rf8 32. Rxf8+ Bxf8 33.
Kg1 Bxb4 34. axb4 Kf7 35. Kf2 Ke6 36. Ke3 Kd5 37. Kd3 g5 38. g4 a6 39. h3 Kc6
40. Kd4 Kb6 41. Kc3 Kb5 42. Kb3 Kb6 43. Ka4 h6 44. Ka3 Kc7 1/2-1/2

[Event "Frankfurt Ch 2014"]
[Site "Ffm-Höchst, BiKuZ"]
[Date "2014.05.12"]
[Round "3.17"]
[White "Gräbner, Walter"]
[Black "Gutacker, Stephan"]
[Result "1-0"]
[WhiteElo "1952"]
[BlackElo "1811"]
[PlyCount "139"]
[EventDate "2014.??.??"]
[WhiteTeam "SC 1961 König Nied"]
[BlackTeam "Sfr.1932 Kelkheim"]

1. d4 Nf6 2. Nf3 d5 3. c4 e6 4. Nc3 Be7 5. Bg5 O-O 6. e3 Nbd7 7. Qc2 c6 8. Rc1
Re8 9. Bd3 Nf8 10. O-O Ng6 11. Rfd1 dxc4 12. Bxc4 Nd5 13. Bxe7 Qxe7 14. a3 Nxc3
15. Qxc3 b5 16. Bd3 Bb7 17. Ne5 Nxe5 18. dxe5 f5 19. exf6 gxf6 20. Be4 Rac8 21.
b4 Rc7 22. Qd2 Kf7 23. Rc5 a5 24. Qe2 f5 25. Qf3 axb4 26. axb4 Rd8 27. Rdc1 Qd6
28. g4 Rg8 29. Kh1 Ke8 30. gxf5 exf5 31. Qxf5 Rf7 32. Qe5+ Qxe5 33. Rxe5+ Kd7
34. f4 Ra8 35. Rd1+ Kc7 36. Rc1 Kd7 37. Rc2 Ra4 38. Rb2 Rg7 39. Rg5 Re7 40.
Bf5+ Kc7 41. e4 c5 42. bxc5 Bxe4+ 43. Bxe4 Raxe4 44. Kg2 Kc6 45. Ra2 b4 46.
Ra6+ Kb5 47. Rb6+ Ka4 48. Kf3 b3 49. Rg8 Ka3 50. Rgb8 Re3+ 51. Kg4 Rc7 52. c6
Rc3 53. R6b7 R7xc6 54. Rxh7 Kb2 55. Rhb7 Kc2 56. Kg5 Rh3 57. f5 Rcc3 58. Kg6
Rxh2 59. f6 Kc1 60. Rxb3 Rg2+ 61. Kf7 Rc7+ 62. Kf8 Rg6 63. Rf3 Kd2 64. Re8 Rh6
65. Kg8 Rg6+ 66. Kf8 Rh6 67. Re7 Rh8+ 68. Kg7 Rhc8 69. Rxc7 Rxc7+ 70. f7 1-0

[Event "Frankfurt Ch 2014"]
[Site "Ffm-Höchst, BiKuZ"]
[Date "2014.05.12"]
[Round "3.18"]
[White "Cors, Heinz-Friedrich"]
[Black "Janke, Christian"]
[Result "0-1"]
[WhiteElo "1811"]
[BlackElo "1949"]
[PlyCount "84"]
[EventDate "2014.??.??"]
[WhiteTeam "Schachforum Darmstadt 1994"]
[BlackTeam "SV Spr.Siershahn"]

1. e4 d5 2. exd5 Qxd5 3. Nc3 Qa5 4. d4 c6 5. Nf3 Nf6 6. Ne5 Bf5 7. Bc4 e6 8.
Qe2 Nbd7 9. Nxd7 Nxd7 10. Bd2 Qd8 11. Bb3 Be7 12. O-O-O Nb6 13. g4 Bg6 14. h4
h5 15. g5 Qxd4 16. Be3 Qg4 17. f3 Qf5 18. Bd4 O-O 19. Ne4 c5 20. Bc3 Rfc8 21.
Ng3 Qf4+ 22. Kb1 Qc7 23. Be5 Qc6 24. Bc4 Nxc4 25. Qxc4 b5 26. Qe2 Rd8 27. f4
Rxd1+ 28. Rxd1 Rd8 29. Re1 f6 30. gxf6 gxf6 31. f5 exf5 32. Bf4 Re8 33. Qd2 Bf8
34. Rg1 Kh7 35. Qd1 c4 36. Nxh5 Bc5 37. Rf1 b4 38. Ng3 b3 39. axb3 cxb3 40.
cxb3 Be3 41. Qc2 Qb5 42. Bxe3 f4 0-1

[Event "Frankfurt Ch 2014"]
[Site "Ffm-Höchst, BiKuZ"]
[Date "2014.05.12"]
[Round "3.19"]
[White "Kuhn, Gerhard"]
[Black "Barisch, Florian"]
[Result "1-0"]
[WhiteElo "1947"]
[BlackElo "1822"]
[PlyCount "67"]
[EventDate "2014.??.??"]
[WhiteTeam "SK Marburg 1931/72"]
[BlackTeam "SF Anderssen Wetzlar"]

1. e4 c5 2. c3 d5 3. exd5 Qxd5 4. d4 Nc6 5. Nf3 Bg4 6. Be2 cxd4 7. cxd4 e6 8.
O-O Qa5 9. Nc3 Bb4 10. Bd2 Nge7 11. a3 Bxc3 12. bxc3 Qc7 13. Qb3 O-O 14. h3 Bh5
15. Qb5 Nd5 16. Rfc1 Rab8 17. a4 Rfe8 18. Qc5 Qe7 19. Qxe7 Rxe7 20. Rab1 Bg6
21. Rb2 Rc8 22. Nh4 Nb6 23. Nxg6 hxg6 24. Bb5 Rec7 25. Bf4 Rd7 26. a5 Nd5 27.
Bd2 a6 28. Ba4 Re7 29. c4 Nxd4 30. cxd5 Ne2+ 31. Kf1 Nxc1 32. d6 b5 33. axb6
Rb7 34. d7 {ZÜ} 1-0

[Event "Frankfurt Ch 2014"]
[Site "Ffm-Höchst, BiKuZ"]
[Date "2014.05.12"]
[Round "3.20"]
[White "Reimer, Otto"]
[Black "Grobe, Detlef"]
[Result "1/2-1/2"]
[WhiteElo "1793"]
[BlackElo "1932"]
[PlyCount "89"]
[EventDate "2014.??.??"]
[WhiteTeam "SK Bad Homburg 1927"]
[BlackTeam "SK 1962 Ladenburg"]

1. e4 c5 2. Nf3 e6 3. d4 cxd4 4. Nxd4 a6 5. Nc3 Qc7 6. Bd3 Bc5 7. Nb3 Be7 8.
O-O Nf6 9. Kh1 d6 10. a4 b6 11. Be3 Nbd7 12. Nd2 Bb7 13. f3 O-O 14. Qe1 Rfe8
15. Qf2 d5 16. Ne2 Bc5 17. Nd4 e5 18. Nf5 g6 19. Bxc5 Nxc5 20. Ne3 Rad8 21. Qh4
Qe7 22. Qf2 dxe4 23. fxe4 Nxd3 24. cxd3 Rxd3 25. Qe2 Rd4 26. Nf3 Rxe4 27. Ng5
Rf4 28. Nh3 Rxf1+ 29. Rxf1 Ne4 30. Qg4 Kh8 31. Qe2 f5 32. Qe1 Rd8 33. b3 Rd3
34. Rf3 Nc5 35. Nxf5 gxf5 36. Rxf5 Be4 37. Rh5 Qd7 38. Nf2 Rd2 39. Rxe5 Rxf2
40. Qxf2 Qd1+ 41. Qg1 Qd2 42. Qf1 Qd6 43. h3 Kg7 44. Qf4 Qf6 45. Rxe4 1/2-1/2

[Event "Frankfurt Ch 2014"]
[Site "Ffm-Höchst, BiKuZ"]
[Date "2014.05.12"]
[Round "3.21"]
[White "Hinz, André"]
[Black "Isserman, Ryhor"]
[Result "0-1"]
[WhiteElo "1760"]
[BlackElo "2270"]
[PlyCount "96"]
[EventDate "2014.??.??"]
[WhiteTeam "VfB 07 Lettin"]
[BlackTeam "SK Bad Homburg 1927"]

1. c4 e5 2. g3 Nf6 3. Bg2 c6 4. d4 exd4 5. Qxd4 d5 6. Nf3 Be7 7. O-O dxc4 8. a4
Qxd4 9. Nxd4 O-O 10. e4 Na6 11. Na3 Nc5 12. Nxc4 Ncxe4 13. Bxe4 Nxe4 14. Re1 f5
15. Be3 Bd7 16. f3 Nf6 17. Ne5 Bc8 18. a5 Nd5 19. f4 Nxe3 20. Rxe3 Bc5 21. Nef3
Rd8 22. Ra4 b5 23. axb6 Bxb6 24. Kg2 Bb7 25. Re7 c5 26. Rxb7 cxd4 27. Ra1 Rac8
28. Re1 Re8 29. Ne5 Rc2+ 30. Kh3 Rc7 31. Rxc7 Bxc7 32. Rd1 Bxe5 33. fxe5 Rd8
34. Rd3 Kf7 35. Kg2 Ke6 36. Kf3 Kxe5 37. Ke2 Rb8 38. b3 Ke4 39. Rf3 g5 40. h4
h6 41. hxg5 hxg5 42. g4 f4 43. Rh3 Rb5 44. Rf3 Ra5 45. Rh3 Ra2+ 46. Kf1 f3 47.
Rh7 Kf4 48. Rd7 Kg3 0-1

[Event "Frankfurt Ch 2014"]
[Site "Ffm-Höchst, BiKuZ"]
[Date "2014.05.12"]
[Round "3.23"]
[White "Makilla, Tobias"]
[Black "Achtmann, Armin"]
[Result "0-1"]
[WhiteElo "1762"]
[BlackElo "1915"]
[PlyCount "96"]
[EventDate "2014.??.??"]
[WhiteTeam "SC 1979 Hattersheim"]
[BlackTeam "SAbt TuS Dotzheim"]

1. e4 c6 2. d4 d5 3. e5 c5 4. dxc5 e6 5. Be3 Qa5+ 6. Nc3 Nc6 7. Bb5 Bd7 8. Bxc6
Bxc6 9. Qd4 Ne7 10. g4 Bd7 11. Nge2 Nc6 12. Qf4 Nb4 13. O-O Nxc2 14. Rac1 Nb4
15. Qd4 Rc8 16. a3 Nc6 17. Qf4 a6 18. b4 Qc7 19. Bd4 Be7 20. g5 Nxd4 21. Nxd4
h6 22. gxh6 Rxh6 23. Kh1 f5 24. Nf3 Kf7 25. Rg1 Rch8 26. Rg2 Qd8 27. Rcg1 g5
28. Nxg5+ Bxg5 29. Rxg5 Rxh2+ 30. Qxh2 Rxh2+ 31. Kxh2 Qh8+ 32. Kg2 Qxe5 33. Nd1
Bc6 34. Kh3 Qh8+ 35. Kg3 Kf6 36. Kf3 d4+ 37. Ke2 Bb5+ 38. Kd2 Qh6 39. f4 Qh2+
40. R5g2 Qxf4+ 41. Kc2 d3+ 42. Kb3 Qc4+ 43. Kb2 Ba4 44. Rg6+ Ke5 45. Re1+ Kd4
46. Rgxe6 Qb3+ 47. Ka1 Qxa3+ 48. Kb1 Bc2# 0-1

[Event "Frankfurt Ch 2014"]
[Site "Ffm-Höchst, BiKuZ"]
[Date "2014.05.12"]
[Round "3.24"]
[White "Kolker, Vladislav"]
[Black "Diehl, Stefan"]
[Result "1-0"]
[WhiteElo "1915"]
[BlackElo "1702"]
[PlyCount "43"]
[EventDate "2014.??.??"]
[WhiteTeam "SC Bad Nauheim"]
[BlackTeam "SC 1910 Höchst"]

1. e4 d5 2. exd5 Qxd5 3. Nc3 Qa5 4. d4 Nf6 5. Bc4 c6 6. Qe2 Bf5 7. Nf3 e6 8.
Bd2 Bb4 9. O-O-O O-O 10. a3 Bxc3 11. Bxc3 Qc7 12. Ne5 Nbd7 13. g4 Be4 14. g5
Bxh1 15. gxf6 Nxe5 16. dxe5 Bd5 17. Qg4 g6 18. Qf4 Kh8 19. Qh6 Rg8 20. Bxd5
cxd5 21. Rd3 Qc4 22. Qxh7+ 1-0

[Event "Frankfurt Ch 2014"]
[Site "Ffm-Höchst, BiKuZ"]
[Date "2014.05.12"]
[Round "3.25"]
[White "Kulenovic, Adnan"]
[Black "Mühlbach, Christian"]
[Result "0-1"]
[WhiteElo "1913"]
[BlackElo "1683"]
[PlyCount "114"]
[EventDate "2014.??.??"]
[WhiteTeam "SC Springer Rodenbach"]
[BlackTeam "SK Langen"]

1. e3 c5 2. d4 Nf6 3. Nf3 g6 4. Be2 Bg7 5. O-O b6 6. Ne5 Bb7 7. Bf3 d5 8. c4
O-O 9. dxc5 Qc7 10. Nd3 bxc5 11. Qb3 Nc6 12. cxd5 Na5 13. Qc2 Bxd5 14. Qxc5
Qxc5 15. Nxc5 Bxf3 16. gxf3 Rac8 17. Na4 Rfd8 18. Bd2 Nc4 19. Bc3 Rd3 20. b3
Nd6 21. Be5 Nb5 22. Nb2 Rd5 23. f4 Rc2 24. Nc4 Ne4 25. Bxg7 Kxg7 26. a4 Nbc3
27. Nba3 Ra2 28. Rxa2 Nxa2 29. Nb5 Rd3 30. Nxa7 Rxb3 31. Ra1 Nb4 32. a5 Na6 33.
Ra2 Kf6 34. Rb2 Nec5 35. Rxb3 Nxb3 36. Nc6 Ke6 37. e4 f6 38. Kf1 Kd7 39. Na7
Nd4 40. Kg2 Kc7 41. Nb6 Nc5 42. f3 Nb7 43. Kf2 Nxa5 44. Nac8 Nac6 45. Ke3 Ne6
46. f5 Nf8 47. fxg6 hxg6 48. Kf4 e5+ 49. Kg4 Nd7 50. h4 Nxb6 51. Nxb6 Kxb6 52.
h5 gxh5+ 53. Kxh5 Kc5 54. Kg6 Kd4 55. Kxf6 Ke3 56. Ke6 Kxf3 57. Kd5 Ke3 0-1

[Event "Frankfurt Ch 2014"]
[Site "Ffm-Höchst, BiKuZ"]
[Date "2014.05.12"]
[Round "3.26"]
[White "Schmitt, Roland"]
[Black "Leibold, Mathias"]
[Result "1-0"]
[WhiteElo "1907"]
[BlackElo "1682"]
[PlyCount "71"]
[EventDate "2014.??.??"]
[WhiteTeam "SK Großsachsen"]
[BlackTeam "SV 1926 Fechenheim"]

1. d4 d5 2. c4 c6 3. Nc3 Nf6 4. Nf3 e6 5. Bg5 Be7 6. e3 dxc4 7. Bxc4 Nd5 8.
Bxe7 Qxe7 9. O-O O-O 10. e4 Nf6 11. a4 Rd8 12. e5 Ne8 13. Ne4 Nd7 14. Ra3 Nb6
15. Ba2 Nd5 16. Bb1 h6 17. Rb3 b6 18. Qc2 Bd7 19. Nc5 f5 20. exf6 Nexf6 21.
Nxd7 Rxd7 22. Ne5 Rc7 23. Rh3 c5 24. dxc5 Rxc5 25. Qd2 Rd8 26. Rd3 Rdc8 27. Rd1
Ne4 28. Qe1 Ndf6 29. Rd7 Qe8 30. f4 Rxe5 31. Rxg7+ Kxg7 32. fxe5 Qxa4 33. exf6+
Nxf6 34. Qg3+ Ng4 35. Qd3 Qf4 36. Qd7+ 1-0